书目信息 |
| 题名: |
老残游记
|
|
| 作者: | 刘鹗 著 | |
| 分册: | ||
| 出版信息: | 北京 人民文学出版社 1957 |
|
| 页数: | 261页 | |
| 开本: | 20cm | |
| 丛书名: | ||
| 单 册: | ||
| 中图分类: | I242.47 , I242.1 | |
| 科图分类: | ||
| 主题词: | 古典小说--中国--清代 , 章回小说--中国--清代 , 长篇小说--中国--清代 | |
| 电子资源: | ||
| ISBN: | ||
| 000 | 00659nam0 2200253 450 | |
| 001 | 1537660349 | |
| 005 | 20150122102829.78 | |
| 010 | @dCNY0.82 | |
| 091 | @a10019.655 | |
| 100 | @a19950719e19791957em y0chiy0110 ea | |
| 101 | 0 | @achi |
| 102 | @aCN@b110000 | |
| 105 | @ay z 000ay | |
| 200 | 1 | @a老残游记@9lao can you ji@f(清)刘鹗著 |
| 210 | @a北京@c人民文学出版社@d1957@h1979重印 | |
| 215 | @a261页@d20cm | |
| 606 | 0 | @a古典小说@y中国@z清代 |
| 606 | 0 | @a章回小说@y中国@z清代 |
| 606 | 0 | @a长篇小说@y中国@z清代 |
| 690 | @aI242.47@v5 | |
| 690 | @aI242.1@v4 | |
| 701 | 0 | @a刘鹗@9liu e@4著 |
| 801 | 0 | @aCN@bTSSF@c20150122 |
| 905 | @aZUCC@dI242.1@eJY51 | |
| 老残游记/(清)刘鹗著.-北京:人民文学出版社,1957(1979重印) |
| 261页;20cm |
| ISBN :CNY0.82 |
| ● |
| 相关链接 |
|
|
|
|
正题名:老残游记
索取号:I242.1/JY51
 
预约/预借
| 序号 | 登录号 | 条形码 | 馆藏地/架位号 | 状态 | 备注 |
| 1 | 7854813 | 278548136 | 学院路分馆/ [索取号:I242.1/JY51] | 在馆 |